| 000 | 00603nam a22001937a 4500 | ||
|---|---|---|---|
| 999 |
_c167987 _d167987 |
||
| 005 | 20190924161303.0 | ||
| 010 | _aB-730161 | ||
| 020 |
_c295.00 _a9789387103139 |
||
| 035 | _aB-730161 | ||
| 037 | _bDuckbill Books | ||
| 082 | _aN | ||
| 100 | _aHimanjali Sankar | ||
| 245 |
_aThe lies we tell / _cby Himanjali Sankar |
||
| 260 |
_bDuckbill Books _aChennai _c2019 |
||
| 270 |
_bChennai _aF2, Oyster Operaa, 35/36 Gangai Street Kalakshetra Colony _e600090 |
||
| 300 |
_a140p. _c20cm(pbk) |
||
| 942 |
_2ddc _cCH _mHIM _hN |
||